Statistiques concernant Les 15 départements avec le moins de célibataires

Cliquez ici pour prendre le quiz!

Statistiques générales

  • Ce quiz a été pris 12 fois
  • Le résultat moyen est 8 sur 15

Statistiques - réponses

Rang% de célibatairesDépartement% Correct
622.5Charente-Maritime
67%
1123.1Gers
67%
522.3Deux-Sèvres
58%
422.2Landes
58%
622.5Loir-et-Cher
58%
222.1Lot
58%
1423.2Lot-et-Garonne
58%
622.5Manche
58%
1523.4Aveyron
50%
11
23.1
Côtes-d'Armor
50%
1123.1Haute-Saône
50%
120.6Vendée
50%
222.1Dordogne
42%
1023.0Mayenne
42%
922.8Saône-et-Loire
25%

Distribution des résultats

Percentile par nombre de réponses

% des personnes avec chaque résultat

Votre développement - résultats

Vous n’avez pas pris ce quiz